عرض عادي
عرض مارك
- الإيلخانيون.
مدخل مصطلح موضوعي
001 - رقم الضبط
- حقل الضبط: 16868
003 - معرف رقم الضبط
- حقل الضبط: OSt
005 - تاريخ ووقت أخر عملية
- حقل الضبط: 20120731111506.0
008 - عناصر بيانات ثابتة الطول
- حقل تحكم ثابت الطول: 120731|||a|||||| | ||| d
040 ## - مصدر الفهرسة
- هيئة الفهرسة الأصلية: OSt
- وكالة الكتابة: OSt
150 ## - مدخل-- مصطلح تاريخي
- عنصر مدخل المصطلح الموضوعي او الاسم الجغرافي: الإيلخانيون.
670 ## - بيانات المصدر موجوده
- الاستشهاد بالمصدر: Work cat.: (OSt): الصاوي، الصاوي محمد. 16863, هولاكو :, 2012.
